Normal view MARC view

Entry Personal Name

Number of records used in: 1

001 - CONTROL NUMBER

  • control field: 14887

003 - CONTROL NUMBER IDENTIFIER

  • control field: OSt

005 - DATE AND TIME OF LATEST TRANSACTION

  • control field: 20250307023654.0

008 - FIXED-LENGTH DATA ELEMENTS

  • fixed length control field: 250307|| aca||aabn | a|a d

040 ## - CATALOGING SOURCE

  • Original cataloging agency: OSt
  • Transcribing agency: OSt

100 ## - HEADING--PERSONAL NAME

  • Personal name: Arahan, Reynalin Y., author

670 ## - SOURCE DATA FOUND

  • Source citation: Work cat.: (OSt): Arahan, Reynalin Y., author., Employability of the graduates of bachelor of science in hotel and restaurant management and associate in computer technology s.y. 2001-2002 to 2002-2003, 2006